भक्तचिन्तामणि नारायणानंदतीर्थ स्वामी महाराजऔदुंबर चरित्रामृत1994 कृ.ध.4 रंगीत 4 चित्रे. (Record no. 1352599)

MARC details
000 -LEADER
fixed length control field 01353nam a2200181Ia 4500
008 - FIXED-LENGTH DATA ELEMENTS--GENERAL INFORMATION
fixed length control field 151202s9999||||xx |||||||||||||| ||und||
082 ## - DEWEY DECIMAL CLASSIFICATION NUMBER
Item number PNVM-122470
100 ## - MAIN ENTRY--PERSONAL NAME
Personal name "संपा-जोशी हणमंत नरहर,औदुंबर."
245 ## - TITLE STATEMENT
Title भक्तचिन्तामणि नारायणानंदतीर्थ स्वामी महाराजऔदुंबर चरित्रामृत1994 कृ.ध.4 रंगीत 4 चित्रे.
260 ## - PUBLICATION, DISTRIBUTION, ETC. (IMPRINT)
Name of publisher, distributor, etc "श्री.गुरु शिवशंकरानंद आश्रम,औदुंबर,जि.सांगली."
260 ## - PUBLICATION, DISTRIBUTION, ETC. (IMPRINT)
Date of publication, distribution, etc 1994
300 ## - PHYSICAL DESCRIPTION
Extent 220
600 ## - SUBJECT ADDED ENTRY--PERSONAL NAME
Personal name "संपा-जोशी हणमंत नरहर,औदुंबर."
630 ## - SUBJECT ADDED ENTRY--UNIFORM TITLE
Uniform title भक्तचिन्तामणि नारायणानंदतीर्थ स्वामी महाराजऔदुंबर चरित्रामृत1994 कृ.ध.4 रंगीत 4 चित्रे.
700 ## - ADDED ENTRY--PERSONAL NAME
Personal name "संपा-जोशी हणमंत नरहर,औदुंबर."
730 ## - ADDED ENTRY--UNIFORM TITLE
Uniform title भक्तचिन्तामणि नारायणानंदतीर्थ स्वामी महाराजऔदुंबर चरित्रामृत1994 कृ.ध.4 रंगीत 4 चित्रे.
942 ## - ADDED ENTRY ELEMENTS (KOHA)
Koha item type Book
Holdings
Withdrawn status Lost status Damaged status Not for loan Home library Current library Date acquired Cost, normal purchase price Total Checkouts Full call number Barcode Date last seen Cost, replacement price Price effective from Koha item type
        Pune Nagar Vachan Mandir, Pune Pune Nagar Vachan Mandir, Pune 06/21/2015 0.00   PNVM-122470 PNVM-122470 12/02/2015 0.00 12/02/2015 Book